|
|
|
|
| LEADER |
00000cam a2200000 7i4500 |
| 001 |
0000012757 |
| 005 |
20080102.0 |
| 008 |
080102 |
| 020 |
|
|
|a 9831921682
|
| 090 |
0 |
0 |
|a 338.04
|b ZAF
|
| 100 |
0 |
|
|a Zafir Mohd Makhbul
|
| 245 |
1 |
0 |
|a Menjadi usahawan
|c Zafir Mohd Makhbul
|
| 260 |
|
|
|a Pahang :
|b PTS Publications & Distributors ,
|c 2003
|
| 650 |
|
0 |
|a Entrepreneurship
|
| 650 |
|
0 |
|a Marketing
|
| 650 |
|
0 |
|a Selling
|
| 710 |
0 |
|
|a Title
|
| 999 |
|
|
|a 0001010727
|b Book
|c Adult Collection
|e Cawangan Pontian
|
| 999 |
|
|
|a 0001010728
|b Book
|c Adult Collection
|e Perbadanan Perpustakaan Awam Johor
|
| 999 |
|
|
|a 0001010729
|b Book
|c Adult Collection
|e Perbadanan Perpustakaan Awam Johor
|